Medical clinics : Urology/

Άλλοι συγγραφείς: Resnick, Martin I.
Μορφή: Βιβλίο
Γλώσσα: English
Στοιχεία έκδοσης: Philadelphia : Saunders, 2004.
Ταξινομικός αριθμός: 616.6 MED
Θέματα:
Ετικέτες: Προσθήκη ετικέτας
Δεν υπάρχουν, Καταχωρήστε ετικέτα πρώτοι!
LEADER 00589cam a2200169 a 4500
001 1/43389
008 130410s2004 xxua b 001 0 eng
022 |a 0025-7125 
035 |l 46307 
082 0 0 |a 616.6 MED 
245 0 0 |a Medical clinics :  |b Urology/  |c Guest editor Martin I. Resnick. 
260 |a Philadelphia :  |b Saunders,  |c 2004. 
300 |a xvi, 246-548 σ. ;  |c 23 εκ. 
504 |a Περιέχει βιβλιογραφία και ευρετήριο. 
650 4 |a Urology. 
700 1 |a Resnick, Martin I.  |e ed. 
852 |a INST  |b UNIPILB  |c MAIN  |e 20130410  |h 616.6 MED  |p 00166563  |q 00166563  |t LOAN  |y 0  |4 1